| 000 | 01153nam a2200325 4500 | ||
|---|---|---|---|
| 001 | 000 | ||
| 005 | 20150714113926.0 | ||
| 007 | 000 | ||
| 008 | 000 | ||
| 010 | _a 79316267 | ||
| 015 | _aC79-70628-8 | ||
| 020 | _a0889361398 | ||
| 040 |
_aUOEL _cDLC _dDLC |
||
| 043 | _an-cn--- | ||
| 050 | 0 | 0 |
_aSD356.52.D42 _b.S36 1977 |
| 082 | 0 | 0 |
_a634.9/072071384 _219 |
| 100 | 1 | _aSanger, Clyde. | |
| 245 | 1 | 0 |
_aTrees for people : _ban account of the forestry research program supported by the International Development Research Centre / _cClyde Sanger with the collaboration of Gilles Lessard and Gunnar Poulsen. |
| 260 |
_aOttawa : _bInternational Development Research Centre, _cc1979. |
||
| 300 |
_a52 p. : _bill. ; _c25 cm. |
||
| 500 | _a"IDRC 094e." | ||
| 504 | _aIncludes bibliographical references. | ||
| 610 | 2 | 0 | _aInternational Development Research Centre (Canada) |
| 650 | 0 |
_aForests and forestry _xResearch. |
|
| 700 | 1 |
_aLessard, Gilles, _ejoint author. |
|
| 700 | 1 |
_aPoulsen, Gunnar, _ejoint author. |
|
| 710 | 2 | _aInternational Development Research Centre (Canada) | |
| 906 |
_a7 _bcbc _corignew _d4 _encip _f19 _gy-gencatlg |
||
| 942 |
_2lcc _cLL |
||
| 999 |
_c11731 _d11731 |
||